Les personnages d'Ici tout commence - Statistiques

Statistiques générales
  • Ce quiz a été pris 557 fois
  • Le résultat moyen est 44 sur 90
Statistiques - réponses
Hint Réponse % Correct
Rochemont Hortense
96%
Teyssier Charlene
94%
Delobel Greg
94%
Latour Rose
94%
Teyssier Theo
94%
Teyssier Emmanuel
93%
Guinot Louis
90%
Dekens Salome
90%
Myriel Antoine
89%
Teyssier Constance
89%
Armand Auguste
88%
Guinot Claire
88%
Rigaut Kelly
88%
Delcourt Maxime
88%
Armand Clotilde
87%
Lanneau Lionel
87%
Grimbert Anais
86%
Lopez Enzo
84%
Mabsoute Mehdi
81%
Teyssier Axel
80%
Gaissac Celia
78%
Prévost Eliott
77%
Kasmi Jasmine
76%
Rigaut Laetitia
76%
Azem Tom
76%
Inesta Lisandro
75%
Riviere Gaetan
74%
Myriel Souleymane
70%
Devaut Jeremy
69%
Matret Noemie
69%
Listrac Olivia
69%
Delcourt Chloe
67%
Devaut Guillaume
66%
Syed Deva
64%
Delobel Benoit
63%
Riviere Ludivine
62%
Inesta Esteban
61%
Bertrand Alex
60%
Lanneau Zoe
60%
Fayet Solal
58%
Martin Ambre
55%
Delcourt Judith
55%
Landiras Zacharie
55%
Riviere Louane
53%
Gueraud Marta
52%
Gaissac Vincent
48%
Larroudé Elodie
47%
Delobel Delphine
46%
Gueraud Joachim
43%
Delcourt Marianne
43%
Rochemont Daniel
41%
Cardone Annabelle
40%
Lanneau Ines
40%
Gaissac Diego
39%
Sarran Michel
37%
Mabsoute Lina
36%
Lanneau Stephane
33%
Riviere Caroline
31%
Leroy Hugues
31%
Gaissac Isabelle
31%
Rigaut Sylvie
30%
Teyssier Lola
28%
Gaissac Alice
27%
Teyssier Philippe
27%
Matret Stella
27%
Myriel Valérie
24%
Rigaut Pierre
23%
Boisseron Gaëlle
22%
Rigaut Francois
17%
Prévost Julia
16%
Girard Tristan
16%
Vallorta Barthelemy
14%
Simony Fabien
13%
Martin Jade
13%
Massa Gabrielle
12%
Kasmi Boris
10%
Guibert Léna
10%
Kasmi Mylène
10%
Guibert Florence
9%
Kaminski Louise
9%
Canella Aurélien
6%
? Lilian
5%
Demir Aylan
4%
? Fanny
4%
Achille Moncef
4%
? Vikash
4%
? Yann
4%
Lauren Belvaux
3%
? Jennifer
3%
? Virgile
3%
Aucun quiz correspondant
Distribution des résultats
% des personnes avec chaque résultat
Percentile par nombre de réponses
Votre historique - résultats
Vous n’avez pas pris ce quiz